000 00518nam a2200169Ia 4500
008 090201s9999 xx 000 0 und d
010 _aKPL-31720
040 _bमराठी
041 _aमराठी
082 _a34439
_b31720
100 _aवैजयंती काळे
245 _aमदहोश
_cवैजयंती काळे
260 _c2004
_bराजेंद्र पब्लिकेशन्स
300 _a235
_bमोठा
600 _aमदहोश
942 _cBOOK
999 _c232632
_d232632